书目信息 |
| 题名: |
实用化工产品配方与制备
|
|
| 作者: | 李东光 主编 | |
| 分册: | (四) | |
| 出版信息: | 北京 中国纺织出版社 2011 |
|
| 页数: | 359页 | |
| 开本: | 21cm | |
| 丛书名: | ||
| 单 册: | ||
| 中图分类: | TQ062 , TQ072 | |
| 科图分类: | ||
| 主题词: | 化工产品--Hua Gong Chan Pin--配方 , 化工产品--Hua Gong Chan Pin--制备 | |
| 电子资源: | ||
| ISBN: | 978-7-5064-7733-8 | |
| 000 | 01045nam0 2200301 45 | |
| 001 | 012001002348 | |
| 005 | 20191121142748.10 | |
| 010 | @a978-7-5064-7733-8@dCNY68.00 | |
| 099 | @aCAL 012012149820 | |
| 100 | @a20120312d2011 em y0chiy50 ea | |
| 101 | 0 | @achi |
| 102 | @aCN@b110000 | |
| 105 | @ak a 000yy | |
| 106 | @ar | |
| 200 | 1 | @a实用化工产品配方与制备@AShi Yong Hua Gong Chan Pin Pei Fang Yu Zhi Bei@h(四)@f李东光主编 |
| 210 | @a北京@c中国纺织出版社@d2011 | |
| 215 | @a359页@d21cm | |
| 320 | @a有书目 (第359页) | |
| 330 | @a本书收集具有代表性的实用化学品以及一些发展前景非常良好的新型化学品,内容涉及涂料、胶黏剂、洗涤剂等方面。 | |
| 333 | @a本书可作为相关行业新产品开发人员的参考读物 | |
| 517 | 1 | @a化工产品配方与制备@AHua Gong Chan Pin Pei Fang Yu Zhi Bei |
| 606 | 0 | @a化工产品@AHua Gong Chan Pin@x配方 |
| 606 | 0 | @a化工产品@AHua Gong Chan Pin@x制备 |
| 690 | @aTQ062@v4 | |
| 690 | @aTQ072@v4 | |
| 701 | 0 | @a李东光@ALi Dong Guang@4主编 |
| 801 | 0 | @aCN@b北京卓展@c20191020 |
| 905 | @b1205362-5@dTQ062@e534:4@f4 | |
| 实用化工产品配方与制备.(四)/李东光主编.-北京:中国纺织出版社,2011 |
| 359页;21cm |
| 使用对象:本书可作为相关行业新产品开发人员的参考读物 |
| ISBN 978-7-5064-7733-8:CNY68.00 |
| 本书收集具有代表性的实用化学品以及一些发展前景非常良好的新型化学品,内容涉及涂料、胶黏剂、洗涤剂等方面。 |
| ● |
| 相关链接 |
|
|
|
|
正题名:实用化工产品配方与制备
索取号:TQ062/534:4
 
预约/预借
| 序号 | 登录号 | 条形码 | 馆藏地/架位号 | 状态 | 备注 |
| 1 | 1205362 | 212053622 | 第二样本阅览室/ [索取号:TQ062/534:4] | 在馆 | |
| 2 | 1205363 | 212053631 | 第三借阅区/ [索取号:TQ062/534:4] | 在馆 | |
| 3 | 1205364 | 212053640 | 第三借阅区/ [索取号:TQ062/534:4] | 在馆 | |
| 4 | 1205365 | 212053659 | 第三借阅区/ [索取号:TQ062/534:4] | 在馆 |